Statistics for Flags with Borders

Click here to take the quiz!

General Stats

  • This quiz has been taken 42 times
  • The average score is 4 of 5

Answer Stats

Answer% Correct
Nepal
100%
Sri Lanka
92%
Montenegro
87%
Maldives
79%
Grenada
74%

Score Distribution

Percentile by Number Answered

Percent of People with Each Score

Your Score History

You have not taken this quiz